| 000 | 01561cam a22003974i 4500 | ||
|---|---|---|---|
| 001 | 14849081 | ||
| 003 | EG-ScBUE | ||
| 005 | 20221205103203.0 | ||
| 008 | 070514s2008 enka f b 001 0 eng d | ||
| 020 | _a9780415701280 (hbk. : alk. paper) | ||
| 020 | _a9780415701297 (pbk. : alk. paper) | ||
| 020 | _a0415701295 (pbk. : alk. paper) | ||
| 035 | _a(OCoLC)ocn137331373 | ||
| 035 | _a(OCoLC)137331373 | ||
| 040 |
_aDLC _beng _erda _cDLC _dBAKER _dBTCTA _dYDXCP _dBWKUK _dBWK _dDLC _dEG-ScBUE |
||
| 043 | _ae------ | ||
| 082 | 0 | 4 |
_a725.9 _222 _bFES |
| 245 | 0 | 0 |
_aFestival architecture / _cedited by Sarah Bonnemaison and Christine Macy. |
| 264 |
_aLondon ; _aNew York : _bRoutledge, _c2008. |
||
| 300 |
_axiii, 318 pages : _billustrations (some color) ; _c24 cm. |
||
| 336 |
_2rdacontent _atext _btxt |
||
| 337 |
_2rdamedia _aunmediated _bn |
||
| 338 |
_2rdacarrier _avolume _bnc |
||
| 490 | 0 | _aThe classical tradition in architecture | |
| 504 | _aIncludes bibliographical references and index. | ||
| 650 | 7 |
_aFestival architecture _zEurope. _2BUEsh |
|
| 650 | 7 |
_aArchitecture and society _zEurope. _2BUEsh |
|
| 650 | 7 |
_aFestivals _xSocial aspects _zEurope. _2BUEsh |
|
| 653 | _bENGARC | ||
| 655 | _vReading book | ||
| 700 | 1 |
_aBonnemaison, Sarah, _eeditor. |
|
| 700 | 1 |
_aMacy, Christine, _eeditor. |
|
| 856 | 4 | 1 |
_3Table of contents only _uhttp://www.loc.gov/catdir/toc/ecip0718/2007020346.html |
| 942 |
_2ddc _cBB |
||
| 999 |
_c10509 _d10509 |
||